000 01709nam a2200277Ia 4500
001 16387
003 GE_BSU
008 181216s||||||||xx |||||||||||||| ||und||
020 _aISBN 978-9941-18-217-4
040 _cGE_BSU
080 _a123(042) + 81:1 + 111
100 _aკრიპკე, ს.ა. (საულ ა.)
245 _aსახელდება და აუცილებლობა
245 _cინგლ. თარგმნა და კომენტ. დაურთო თამარ ცხადაძემ ; სამეცნ. რედ. ლელა ალექსიძე ; ყდის დიზაინი თამარ ბასილია ;
260 _bილიას სახელმწ. უნ-ტის გამ-ბა
260 _c2014.
300 _a244 გვ; 20 სმ.
300 _bდამატებები: გვ. 209-220. - კომენტარები: გვ. 221-229. - საძიებელი: გვ. 230-243
300 _cგარეკანზე ფოტო: ჟან (ჰანს) არპი, კოლაჟი შემთხვევითობის კანონების მიხედვით მოწესრიგებული კვადრატებით.
520 _aფილოსოფიური ბიბლიოთეკა
541 _h7ლ.
653 _aსახელდება და აუცილებლობა
653 _aსახელდება; აუცილებლობა; ენის ფილოსოფია; საკუთარი სახელები;
653 _aფილოსოფია
942 _cBK
999 _c49463
_d49463